| 000 | 00692nam a2200229Ia 4500 | ||
|---|---|---|---|
| 001 | 9903 | ||
| 003 | GE_BSU | ||
| 008 | 181216s||||||||xx |||||||||||||| ||und|| | ||
| 040 | _cGE_BSU | ||
| 080 | _a821.353.1–1 | ||
| 100 | _aივარდავა,დილარ | ||
| 245 | _aდედა აჭარა:ლექსები | ||
| 245 | _cრედ.გულნარა ფაღავა.მხატვ.გურამ გუჯაბიძე | ||
| 260 | _aბათუმი | ||
| 260 | _bაჭარა | ||
| 260 | _c1998 | ||
| 300 | _a68გვ.14სმ. | ||
| 541 | _h2ლ. | ||
| 653 | _aდედა აჭარა | ||
| 653 | _aლექსები | ||
| 942 | _cBK | ||
| 999 |
_c43181 _d43181 |
||